Sabrina Carpenter - Paroles Goodbye - Statistiques

Statistiques générales
  • Ce quiz a été pris 55 fois
  • Le résultat moyen est 249 sur 355
Statistiques - réponses
Hint Réponse % Correct
huh,
97%
huh)
97%
oh
97%
ooh
97%
(Uh
97%
uh
97%
Go
94%
a
92%
Outro | Refrain Goodbye
92%
goodbye?
92%
goodbye
92%
goodbye)
92%
goodbye?)
92%
I
92%
you
92%
You
92%
you,
92%
my
89%
your
89%
me
86%
say,
86%
au
83%
life
83%
on
83%
On
83%
To
83%
to
83%
but
81%
Pré-refrain But
81%
but,
81%
for
81%
means
81%
revoir"
81%
so
81%
So
81%
ta
81%
that
81%
who
81%
adiós
78%
fuck
78%
the
78%
Couplet 2 The
78%
You’re
78%
you're
78%
you’re
78%
French,
75%
no
75%
sayonara,
75%
Bridge Sayonara,
75%
some
75%
heart
72%
it
72%
(it
72%
Saturday
72%
was
72%
Couplet 1 Broke
69%
Did
69%
did
69%
(Did
69%
Forgive
69%
get
69%
Get
69%
know
69%
losing
69%
love,
69%
love
69%
not
69%
put
69%
should
69%
side,
69%
when
69%
bilingual,
67%
clothes
67%
cried
67%
don't
67%
don’t
67%
have
67%
here?
67%
one
67%
said
67%
shit
67%
Shit,
67%
te
67%
amo,
64%
And
64%
and
64%
be
64%
call
64%
Can't
64%
Can’t
64%
down,
64%
feeling
64%
flip
64%
forget
64%
Guess
64%
in
64%
much
64%
see
64%
cries
61%
overnight
61%
shoot
61%
wait,
61%
almost
58%
ass,
58%
cheerio
58%
choose
58%
fainted
58%
how
58%
just
58%
changed
56%
feelings
56%
hurts
56%
Por
56%
siempre
56%
then
56%
won't
56%
baby,
53%
By
53%
communication
53%
gun
53%
had
53%
If
53%
or
53%
show
53%
somethin'
53%
too
53%
wish
53%
anymore
50%
I'll
50%
lost
50%
specific
50%
Pré-refrain Well,
50%
We'll
50%
"Arrivederci,
47%
from
47%
got
47%
minute,
47%
other
47%
quits
47%
up
47%
used
47%
walking
47%
Wanna
47%
words
47%
cake
44%
eat
44%
every
44%
give
44%
out,
44%
coma,
42%
now,
42%
punch
42%
that's
42%
wake
42%
3
39%
at
39%
buddy
39%
door
39%
flowers,
39%
honey,
39%
weeks,
39%
Gonna
36%
home
36%
safe
36%
you'll
36%
holding
33%
standing
31%
hokey
25%
Aucun quiz correspondant
Distribution des résultats
% des personnes avec chaque résultat
Percentile par nombre de réponses
Votre historique - résultats
Vous n’avez pas pris ce quiz